Green, Brown, and probability & Brownian motion on the line
Emphasizes the methodology of Brownian motion in the relatively simple case of one-dimensional space. Numerous exercises are included. For graduate students and researchers in probability and statistics. Softcover. Hardcover available.
Na minha lista:
| Autor principal: | |
|---|---|
| Formato: | Livro |
| Idioma: | Undetermined |
| Publicado em: |
River Edge, NJ
World Scientific
c2002
|
| Assuntos: | |
| Tags: |
Adicionar Tag
Sem tags, seja o primeiro a adicionar uma tag!
|
| Thư viện lưu trữ: | Trung tâm Học liệu Trường Đại học Cần Thơ |
|---|
| LEADER | 00857nam a2200205Ia 4500 | ||
|---|---|---|---|
| 001 | CTU_156792 | ||
| 008 | 210402s9999 xx 000 0 und d | ||
| 082 | |a 519.23 | ||
| 082 | |b C559 | ||
| 100 | |a Chung, Kai Lai | ||
| 245 | 0 | |a Green, Brown, and probability & Brownian motion on the line | |
| 245 | 0 | |c Kai Lai Chung | |
| 260 | |a River Edge, NJ | ||
| 260 | |b World Scientific | ||
| 260 | |c c2002 | ||
| 520 | |a Emphasizes the methodology of Brownian motion in the relatively simple case of one-dimensional space. Numerous exercises are included. For graduate students and researchers in probability and statistics. Softcover. Hardcover available. | ||
| 650 | |a Brownian motion processes,Boundary value problems | ||
| 650 | |x Quá trình vận động Brown | ||
| 904 | |i Trọng Hiếu | ||
| 980 | |a Trung tâm Học liệu Trường Đại học Cần Thơ | ||